000 01238nam a2200337 i 4500
003 EG-GICUC
005 20260204065446.0
008 260118s1978 ua ||||fr|||| 00| 0 ara d
017 _a78/6026
020 _a977-7264-21-6
040 _a EG-GICUC
_bara
_c EG-GICUC
_d EG-GICUC
_erda
041 0 _aara
082 0 4 _221
_a342.4
_bف ر . س
092 0 4 _221
099 _aLaw1 08 342.4 ف ر . س 1978
100 0 _aروبرت اوبن فريدمان
_eمؤلف.
245 1 2 _aالسياسة السوفيتية تجاه الشرق الاوسط منذ عام 1970 /
_cتأليف اوبن روبرت فريدمان
264 1 _a[مكان النشر غير معروف]:
_b[اسم الناشر غير معروف]،
_c1978.
300 _a281 ؛صفحة
_c24 سم
336 _2rda content
_atext
337 _2rda media
_aComputer
338 _2rda carrier
_aOnline Resource
504 _aيشتمل على إرجاعات ببليوجرافية.
546 _aالنص باللغة العربية
650 1 _aالقانون الدستوري
_2qrmak
650 1 _aالنظم السياسية
651 1 _2qrmak
856 4 0 _uhttps://fll.law.cu.edu.eg/fulltext/bks/B08-01399.pdf
905 _a74
942 _2ddc
_n0
_cBK
_e21
999 _c57421
_d57421